书目信息 |
| 题名: |
电视专用集成电路手册
|
|
| 作者: | 裴昌幸 编 | |
| 分册: | ||
| 出版信息: | 北京 电子工业出版社 1995.11 |
|
| 页数: | 144页 | |
| 开本: | 16开 | |
| 丛书名: | ||
| 单 册: | ||
| 中图分类: | TN492 | |
| 科图分类: | ||
| 主题词: | 微电子技术 , 集成电路 | |
| 电子资源: | ||
| ISBN: | 7-5053-2993-6 | |
| 000 | 00608nam0 2200205 45 | |
| 001 | 0004180963 | |
| 005 | 20000418095703.4 | |
| 010 | @a7-5053-2993-6@d20.00元 | |
| 100 | @a20000418d1995 km y0chiy0120 ea | |
| 101 | @achi | |
| 105 | @a z 000yy | |
| 200 | 1 | @a电视专用集成电路手册@ADian Shi Zhuan Yong Ji ChengDian Lu Shou Ce@f裴昌幸,陈健编@FPei Chang Xing,Chen Jian Bian |
| 210 | @a北京@c电子工业出版社@d1995.11 | |
| 215 | @a144页@d16开 | |
| 606 | 0 | @a微电子技术 |
| 606 | 0 | @a集成电路 |
| 690 | @aTN492@v3 | |
| 701 | @a裴昌幸@4编 | |
| 801 | @aCN@bPftUser@c20000418 | |
| 905 | @f3@b53083-085@dTN492@eP883 | |
| 电视专用集成电路手册/裴昌幸,陈健编.-北京:电子工业出版社,1995.11 |
| 144页;16开 |
| ISBN 7-5053-2993-6:20.00元 |
| ● |
| 相关链接 |
|
|
|
正题名:电视专用集成电路手册
索取号:TN492/P883
 
预约/预借
| 序号 | 登录号 | 条形码 | 馆藏地/架位号 | 状态 | 备注 |
| 1 | 53083 | 200530835 | 自科库301/400A自科库 8排3列2层/ [索取号:TN492/P883] | 在馆 | |
| 2 | 53084 | 200530844 | 自科库301/400A自科库 8排3列2层/ [索取号:TN492/P883] | 在馆 | |
| 3 | 53085 | 200530853 | 自科库301/400A自科库 8排3列2层/ [索取号:TN492/P883] | 在馆 |